Entry Personal Name
Number of records used in: 1
001 - CONTROL NUMBER
003 - CONTROL NUMBER IDENTIFIER
005 - DATE AND TIME OF LATEST TRANSACTION
- control field:
20220103121643.0
008 - FIXED-LENGTH DATA ELEMENTS
- fixed length control field:
050421n| acannaabn |n aaa c
010 ## - LIBRARY OF CONGRESS CONTROL NUMBER
- LC control number:
no2005038193
035 ## - SYSTEM CONTROL NUMBER
- System control number:
(OCoLC)oca06614697
040 ## - CATALOGING SOURCE
- Original cataloging agency:
NjP
- Language of cataloging:
eng
- Transcribing agency:
NjP
100 1# - HEADING--PERSONAL NAME
- Personal name:
Philipp, Aaron
670 ## - SOURCE DATA FOUND
- Source citation:
Hacking exposed, c2005:
- Information found:
t.p. (Aaron Philipp)